Statistics for Most Popular Songs in USA 4/27/2024

Click here to take the quiz!

General Stats

  • This quiz has been taken 7 times
  • The average score is 7 of 15

Answer Stats

RankArtist (Version)Answer% Correct
3.Benson BooneBeautiful Things
100%
5.BeyonceTexas Hold 'Em
83%
6.Jack HarlowLovin' On Me
67%
10.SZASaturn
67%
13.Taylor SwiftCruel Summer
50%
4.Teddy SwimsLose Control
50%
9.Noah KahanStick Season
50%
1.HozierToo Sweet
50%
8.Ariana Grandewe can't be friends (wait for your love)
50%
15.Doja CatAgora Hills
33%
7.Sabrina CarpenterEspresso
33%
11.Zach Bryan, Kacey MusgravesI Remember Everything
33%
12.ArtemasI like the way you kiss me
17%
2.Metro Boomin, Future, Kendrick LamarLike That
17%
14.Metro Boomin, 21 Savage, Playboi Carti, Travis ScottType Sh*t
0%

Score Distribution

Percentile by Number Answered

Percent of People with Each Score

Your Score History

You have not taken this quiz